Discursos leídos ante la Real Academia Española en la recepción pública del señor Don Juan Valera, el día 16 de marzo de 1862. (Record no. 181396)

MARC details
000 -LEADER
campo de control de longitud fija 01093nam a2200265 i 4500
001 - NÚMERO DE CONTROL
campo de control 181396
003 - IDENTIFICADOR DE NÚMERO DE CONTROL
campo de control ES-MaACL
005 - FECHA Y HORA DE LA ÚLTIMA TRANSACCIÓN
campo de control 20250730172208.0
008 - DATOS DE LONGITUD FIJA--INFORMACIÓN GENERAL
campo de control de longitud fija 121227s1862 sp |||| | spa d
080 ## - NÚMERO DE LA CLASIFICACIÓN DECIMAL UNIVERSAL
Número de la Clasificación Decimal Universal 821.134.2
080 ## - NÚMERO DE LA CLASIFICACIÓN DECIMAL UNIVERSAL
Número de la Clasificación Decimal Universal 398.5
245 00 - MENCIÓN DEL TÍTULO
Título Discursos leídos ante la Real Academia Española en la recepción pública del señor Don Juan Valera, el día 16 de marzo de 1862.
260 ## - PUBLICACIÓN, DISTRIBUCIÓN, ETC.
Lugar de publicación, distribución, etc. [Madrid :
Nombre del editor, distribuidor, etc. s.n.],
Fecha de publicación, distribución, etc. 1862 (
Fabricante Imp. de Manuel Galiano)
300 ## - DESCRIPCIÓN FÍSICA
Extensión 58 p. ;
Dimensiones 26 cm.
530 ## - NOTA DISPONIBLE DE FORMULARIO FÍSICO ADICIONAL
Nota de formato físico adicional disponible Disponible en formato digital.
594 ## - Nota al título y mención de responsabilidad
Nota al título y mención de responsabilidad Recoge el discurso de recepción de Juan Valera, y el de contestación de Antonio Alcalá Galiano.
650 #7 - PUNTO DE ACCESO ADICIONAL DE MATERIA--TÉRMINO DE MATERIA
Término de materia o nombre geográfico como elemento de entrada Lengua española
Fuente del encabezamiento o término embne
9 (RLIN) 14115
650 #7 - PUNTO DE ACCESO ADICIONAL DE MATERIA--TÉRMINO DE MATERIA
Término de materia o nombre geográfico como elemento de entrada Poesías populares.
9 (RLIN) 16241
700 1# - ENTRADA AGREGADA--NOMBRE PERSONAL
Nombre de persona Valera, Juan,
Fechas asociadas al nombre 1824-1905
9 (RLIN) 112638
700 1# - ENTRADA AGREGADA--NOMBRE PERSONAL
Nombre de persona Alcalá Galiano, Antonio,
Fechas asociadas al nombre 1789-1865
9 (RLIN) 19459
710 2# - ENTRADA AGREGADA--NOMBRE DE ENTIDAD CORPORATIVA
Nombre de entidad corporativa o nombre de jurisdicción como elemento de entrada Real Academia Española
9 (RLIN) 6336
852 ## - LOCALIZACIÓN
Ubicación ES-MaACL
Número de control de estantería T-63-F-4
Nota libre - Dedicatoria autógrafa de Juan Valera
856 41 - LOCALIZACIÓN Y ACCESO ELECTRÓNICOS
Identificador Uniforme de Recursos <a href="http://bdh-rd.bne.es/viewer.vm?id=0000108438&page=1 ">http://bdh-rd.bne.es/viewer.vm?id=0000108438&page=1 </a>
Nota pública Biblioteca Digital Hispánica
Holdings
Estatus retirado Estado de pérdida Fuente del sistema de clasificación o colocación Estado de daño No para préstamo Colección Biblioteca de origen Biblioteca actual Ubicación en estantería Fecha de adquisición Total de préstamos Signatura topográfica completa Código de barras Visto por última vez Precio de reemplazo Tipo de ítem Koha Nota pública
    Clasificación decimal universal     Colección de folletos Biblioteca del Ateneo de Madrid Biblioteca del Ateneo de Madrid Depósito folletos 27/12/2012   T-63-F-4 1190635 23/02/2023 23/02/2023 Folleto Dedicatoria autógrafa del autor